[Event "chess.com SpeedChess Q2Sw"]
[Site "chess.com INT"]
[Date "2022.11.12"]
[Round "4"]
[White "Meier, Georg"]
[Black "Costello, Alexander"]
[Result "0-1"]
[WhiteTitle "GM"]
[BlackTitle "IM"]
[WhiteElo "2615"]
[BlackElo "2224"]
[WhiteFideId "4675789"]
[BlackFideId "2099659"]
[EventDate "2022.11.12"]

1. Nf3 Nf6 2. g3 g6 3. Bg2 Bg7 4. b3 Ne4 5. c3 d5 6. Bb2 c5 7. d3 Nd6 8. Nbd2
Nc6 9. O-O O-O 10. e4 dxe4 11. dxe4 c4 12. e5 Nxe5 13. Nxe5 Bxe5 14. Nxc4 Nxc4
15. bxc4 Be6 16. Bd5 Qd6 17. Re1 Bxd5 18. Qxd5 Qxd5 19. cxd5 Bd6 20. a4 Rac8 21.
Re3 Rc4 22. Kf1 Rfc8 23. Ke2 R4c5 24. Rd1 Rc4 25. Ra1 R4c5 26. Rd3 Ra5 27. Kd2
Rc4 28. Kc2 Raxa4 29. Rxa4 Rxa4 30. Kb3 Ra5 31. c4 b5 32. h3 bxc4+ 33. Kxc4 Ra4+
34. Kb3 Rb4+ 35. Kc2 a5 36. Bc3 Rb5 37. g4 f6 38. Bd2 a4 39. Bc1 Rc5+ 40. Kd1
Rc4 0-1

[Event "chess.com SpeedChess Q2Sw"]
[Site "chess.com INT"]
[Date "2022.11.12"]
[Round "4"]
[White "Kamsky, Gata"]
[Black "Santos Ruiz, Miguel"]
[Result "0-1"]
[WhiteTitle "GM"]
[BlackTitle "GM"]
[WhiteElo "2666"]
[BlackElo "2587"]
[WhiteFideId "2000024"]
[BlackFideId "22291482"]
[EventDate "2022.11.12"]

1. d4 Nf6 2. Bf4 d5 3. e3 c5 4. c3 Nc6 5. Nd2 e6 6. Ngf3 Be7 7. Bd3 Nh5 8. Be5
Nxe5 9. dxe5 g6 10. Qa4+ Bd7 11. Bb5 Bxb5 12. Qxb5+ Qd7 13. Qd3 Qc6 14. O-O O-O
15. Rfd1 Rfd8 16. Nf1 b5 17. Ng3 Nxg3 18. hxg3 h5 19. Nh2 Qc7 20. f4 c4 21. Qe2
b4 22. g4 hxg4 23. Qxg4 bxc3 24. bxc3 Kg7 25. Nf3 Rab8 26. Rd2 Rh8 27. g3 Rb6
28. Nd4 Rh5 29. Kg2 Qb8 30. Rh1 Rb2 31. Qe2 Rxd2 32. Qxd2 Rxh1 33. Kxh1 Qb1+ 34.
Kg2 Bc5 35. g4 a5 36. a4 Kf8 37. Qc2 Qe1 38. Kf3 Qf1+ 39. Kg3 Qg1+ 40. Kf3 Qf1+
41. Kg3 Kg7 42. g5 Qg1+ 43. Kf3 Qf1+ 44. Kg3 Qe1+ 45. Kf3 Bxd4 46. exd4 Qf1+ 47.
Kg3 Qg1+ 48. Kf3 Qe1 49. Kg4 Qe3 50. Qb2 Qd3 51. Kh4 Qf3 52. Qd2 Kg8 53. Qc1 Qg2 0-1

[Event "chess.com SpeedChess Q2Sw"]
[Site "chess.com INT"]
[Date "2022.11.12"]
[Round "4"]
[White "Srihari, L R"]
[Black "Baches Garcia, Guillermo"]
[Result "1-0"]
[WhiteTitle "IM"]
[BlackTitle "IM"]
[WhiteElo "2436"]
[BlackElo "2326"]
[WhiteFideId "46617116"]
[BlackFideId "2209764"]
[EventDate "2022.11.12"]

1. d4 Nf6 2. Bg5 e6 3. Nd2 c5 4. e3 cxd4 5. exd4 h6 6. Bh4 Be7 7. Ngf3 b6 8. Bd3
Bb7 9. O-O O-O 10. Re1 d6 11. c3 Nbd7 12. a4 a6 13. Nc4 Nh5 14. Nxd6 Bxh4 15.
Nxb7 Qe7 16. Nxh4 Qxh4 17. Nd6 Nf4 18. Bf1 Nf6 19. g3 Qg5 20. Qc1 N4d5 21. Qxg5
hxg5 22. Bg2 g4 23. Ne4 Nxe4 24. Rxe4 b5 25. Rxg4 f5 26. Bxd5 exd5 27. Rg6 bxa4
28. Rxa4 Rab8 29. b4 f4 30. Rgxa6 f3 31. Re6 Rbc8 32. Re3 g5 33. h3 Rce8 34. Ra2
Rxe3 35. fxe3 g4 36. hxg4 Kg7 37. Kf2 Kg6 38. Ra5 Kg5 39. Rxd5+ Kxg4 40. Re5 Ra8
41. Re4+ 1-0

[Event "chess.com SpeedChess Q2Sw"]
[Site "chess.com INT"]
[Date "2022.11.12"]
[Round "4"]
[White "Aditya, Mittal"]
[Black "Veiga, Jose Francisco R P Neves"]
[Result "0-1"]
[WhiteTitle "IM"]
[BlackTitle "IM"]
[WhiteElo "2486"]
[BlackElo "2393"]
[WhiteFideId "35042025"]
[BlackFideId "1930087"]
[EventDate "2022.11.12"]

1. e4 Nc6 2. Nf3 d6 3. d4 g6 4. d5 Nb8 5. h4 Nf6 6. Nc3 c6 7. Bg5 Bg7 8. dxc6
Nxc6 9. Qd2 h6 10. Bf4 Qa5 11. Bc4 Bg4 12. a3 Nd7 13. Nd5 Rc8 14. O-O-O Bxf3 15.
gxf3 Qxd2+ 16. Rxd2 Nd4 17. Ba2 Nxf3 18. Rd3 Nd4 19. Kb1 Nc5 20. Re3 Nxc2 21.
Kxc2 Na4+ 22. Kb1 Nxb2 23. Rc1 Rxc1+ 24. Kxc1 Na4 25. Bc4 a6 26. Rf3 e6 27. Nb4
Ke7 28. Rd3 Rd8 29. Kd2 Nb2 30. Bb3 Nxd3 31. Nxd3 b5 32. Be3 f5 33. Nb4 Ra8 34.
exf5 gxf5 35. Nc6+ Kd7 36. Nd4 Bxd4 37. Bxd4 e5 38. Bb2 a5 39. a4 bxa4 40. Bxa4+
Ke6 41. Bb3+ Kf6 42. Bd5 Rb8 43. Ba3 e4 44. Ke3 Ke5 45. Bc6 Rb3+ 0-1

[Event "chess.com SpeedChess Q2Sw"]
[Site "chess.com INT"]
[Date "2022.11.12"]
[Round "4"]
[White "Darini, Pouria"]
[Black "Eynullayev, Altay"]
[Result "0-1"]
[WhiteTitle "GM"]
[BlackTitle "FM"]
[WhiteElo "2405"]
[BlackElo "2214"]
[WhiteFideId "12502200"]
[BlackFideId "13413562"]
[EventDate "2022.11.12"]

1. e4 c5 2. Nf3 d6 3. d4 cxd4 4. Nxd4 Nf6 5. Nc3 a6 6. a4 g6 7. Be2 Bg7 8. Be3
O-O 9. a5 Nc6 10. Nb3 Be6 11. Bb6 Qd7 12. O-O Rac8 13. f4 Bg4 14. Kh1 Bxe2 15.
Qxe2 Qg4 16. Qd2 Qh5 17. Rae1 Ng4 18. h3 e5 19. f5 Bh6 20. Qd1 Nf6 21. Qxd6 Bg5
22. fxg6 fxg6 23. Qe6+ Kg7 24. Nd5 Nxd5 25. exd5 Rxf1+ 26. Rxf1 Rf8 27. Rxf8
Qd1+ 28. Bg1 Kxf8 29. Qc8+ Kg7 30. Qxb7+ Kh6 31. Qb6 Nd4 32. Nxd4 exd4 33. Qxd4
Qxc2 34. Qg4 Qc8 35. h4 Qxg4 36. hxg5+ Qxg5 37. Bh2 Qxd5 38. Bg1 Kh5 39. Bh2 Kg4 0-1

[Event "chess.com SpeedChess Q2Sw"]
[Site "chess.com INT"]
[Date "2022.11.12"]
[Round "4"]
[White "Gabrielian, Artur"]
[Black "Xiong, Jeffery"]
[Result "0-1"]
[WhiteTitle "GM"]
[BlackTitle "GM"]
[WhiteElo "2460"]
[BlackElo "2692"]
[WhiteFideId "4131002"]
[BlackFideId "2047640"]
[EventDate "2022.11.12"]

1. e4 c5 2. Nf3 d6 3. d4 cxd4 4. Nxd4 Nf6 5. Nc3 a6 6. Bd3 e5 7. Nde2 Be7 8. O-O
O-O 9. Ng3 b5 10. h3 Re8 11. Qf3 Nc6 12. Be3 Be6 13. Nf5 Bxf5 14. Qxf5 Rc8 15.
Rad1 g6 16. Qf3 Nd4 17. Bxd4 exd4 18. Ne2 Qb6 19. Qg3 Nd7 20. f4 Bf6 21. Kh1 Nc5
22. Qf3 Na4 23. Rb1 Bg7 24. g4 Qb7 25. Ng3 Nb6 26. g5 Nc4 27. Rf2 Rc5 28. h4 Qc8
29. Rh2 Ne3 30. f5 Be5 31. h5 Bxg3 32. Qxg3 gxf5 33. g6 fxe4 34. Rg1 fxg6 35.
hxg6 h5 36. Be2 Ree5 37. g7 Rg5 38. Qxd6 Rxg1+ 39. Kxg1 Rg5+ 40. Kh1 Nf5 41. Qf6
Ng3+ 42. Kg2 Qc5 43. Kf2 d3+ 44. Ke1 dxc2 0-1

[Event "chess.com SpeedChess Q2Sw"]
[Site "chess.com INT"]
[Date "2022.11.12"]
[Round "4"]
[White "Hardaway, Brewington"]
[Black "Rakhmanov, Aleksandr"]
[Result "0-1"]
[WhiteTitle "CM"]
[BlackTitle "GM"]
[WhiteElo "2259"]
[BlackElo "2630"]
[WhiteFideId "30941849"]
[BlackFideId "4173708"]
[EventDate "2022.11.12"]

1. Nf3 Nf6 2. c4 d6 3. Nc3 e5 4. d4 e4 5. Ng5 Qe7 6. Qc2 Nc6 7. e3 Bf5 8. Nd5
Nxd5 9. cxd5 Qxg5 10. dxc6 b6 11. a4 d5 12. a5 Bb4+ 13. Bd2 Bxd2+ 14. Qxd2 O-O
15. g3 h5 16. Ba6 Bg4 17. Bb7 Rad8 18. axb6 axb6 19. Ra7 Rd6 20. b4 Rf6 21. h4
Qf5 22. b5 Qe6 23. Qb4 Bf3 24. Rh2 Re8 25. Ba6 Re7 26. Ra8+ Re8 27. Bc8 Rxc8 28.
Rxc8+ Qxc8 29. Qe7 Rd6 30. Kd2 Rd8 31. g4 Re8 32. Qa3 Qxg4 33. Qa7 Qc8 34. Kc3
Qb8 35. Qa2 Qa8 36. Qxd5 Qa1+ 37. Kb4 Ra8 38. Qb3 Qe1+ 39. Kc4 Qc1+ 40. Kd5 Rd8+
41. Ke5 Qg1 42. Rh3 Qg6 43. Rxf3 exf3 44. d5 Re8+ 45. Kd4 Qe4+ 46. Kc3 Rd8 47.
Qa3 Qxd5 48. Qe7 Qd2+ 49. Kb3 Rd3+ 50. Ka4 Qa2+ 51. Kb4 Qa3+ 52. Kc4 Qc3# 0-1

[Event "chess.com SpeedChess Q2Sw"]
[Site "chess.com INT"]
[Date "2022.11.12"]
[Round "4"]
[White "Tan, Zhongyi"]
[Black "Harikrishna, Pentala"]
[Result "1/2-1/2"]
[WhiteTitle "GM"]
[BlackTitle "GM"]
[WhiteElo "2514"]
[BlackElo "2715"]
[WhiteFideId "8603642"]
[BlackFideId "5007003"]
[EventDate "2022.11.12"]

1. d4 Nf6 2. c4 e6 3. Nc3 Bb4 4. e3 c5 5. Nf3 d5 6. cxd5 exd5 7. dxc5 O-O 8. h3
Nc6 9. Bd3 Bxc5 10. O-O a6 11. b3 d4 12. exd4 Nxd4 13. Bb2 Be6 14. Na4 Nxf3+ 15.
Qxf3 Bd4 16. Rad1 Bd5 17. Qf5 Bxb2 18. Nxb2 Qc8 19. Qxc8 Raxc8 20. Nc4 Be6 21.
Nd6 Rc7 22. Bc4 Bxc4 23. Nxc4 b5 24. Ne3 Rfc8 25. Rd6 Rc6 26. Rfd1 g6 27. g4 Kg7
28. Kg2 Ne4 29. Rxc6 Rxc6 30. Rd7 Rf6 31. f3 Nc3 32. Nd5 Rc6 33. Nxc3 Rxc3 34.
Rd2 a5 35. h4 a4 36. bxa4 bxa4 37. Kg3 h6 38. g5 h5 39. Rd4 Ra3 40. Rd2 Kf8 41.
Re2 f6 42. Kf4 Kf7 43. gxf6 Kxf6 44. Rd2 Rc3 45. Rd4 Ra3 46. Rd2 Kf7 47. Re2 Kg7
48. Rd2 Kh6 49. Re2 Kg7 50. Rd2 Kf6 51. Re2 Kf7 52. Rd2 Kf6 53. Re2 Rc3 54. Re4
Ra3 55. Re2 1/2-1/2

[Event "chess.com SpeedChess Q2Sw"]
[Site "chess.com INT"]
[Date "2022.11.12"]
[Round "4"]
[White "Hakobyan, Aram"]
[Black "Bok, Benjamin"]
[Result "0-1"]
[WhiteTitle "GM"]
[BlackTitle "GM"]
[WhiteElo "2613"]
[BlackElo "2618"]
[WhiteFideId "13306677"]
[BlackFideId "1017063"]
[EventDate "2022.11.12"]

1. e4 c5 2. Nf3 d6 3. Bb5+ Nd7 4. g4 a6 5. Be2 g6 6. a4 Bg7 7. Nc3 b6 8. d4 cxd4
9. Nxd4 Bb7 10. Be3 Ngf6 11. f3 Rc8 12. Qd2 Ne5 13. g5 Nfd7 14. h4 Nc4 15. Bxc4
Rxc4 16. b3 Rc8 17. h5 Qc7 18. h6 Bxd4 19. Qxd4 e5 20. Qc4 Qxc4 21. bxc4 Rxc4
22. Kd2 Ke7 23. Rhb1 Rhc8 24. Ra3 Ke6 25. Bxb6 d5 26. Bf2 Ba8 27. exd5+ Bxd5 28.
Nxd5 Rxc2+ 29. Ke1 Kxd5 30. Rd1+ Ke6 31. Rad3 Nc5 32. Rd6+ Kf5 33. Be3 Ne6 34.
Rxa6 R8c3 35. Bd2 Rxf3 36. Ra7 Ke4 37. a5 Nd4 38. Re7 Rh3 39. Rxf7 Rh1+ 40. Rf1
Nf3+ 41. Ke2 Rxf1 42. Kxf1 Rxd2 43. Ra1 Kf4 44. Re1 Nxe1 45. a6 Ra2 46. a7 Rxa7
47. Kf2 Kxg5 48. Kg3 Kxh6 49. Kh4 Kg7 50. Kg4 Nd3 51. Kg5 h6+ 52. Kg4 Nf4 53.
Kg3 Kf6 54. Kf3 Kf5 55. Kg3 g5 56. Kh2 h5 57. Kg3 Ra3+ 58. Kh2 h4 59. Kh1 Ra2 0-1

[Event "chess.com SpeedChess Q2Sw"]
[Site "chess.com INT"]
[Date "2022.11.12"]
[Round "4"]
[White "Kirillov, Dmitry"]
[Black "Boruchovsky, Avital"]
[Result "0-1"]
[WhiteTitle "FM"]
[BlackTitle "GM"]
[WhiteElo "2195"]
[BlackElo "2552"]
[WhiteFideId "34180572"]
[BlackFideId "2800055"]
[EventDate "2022.11.12"]

1. e4 e5 2. Nf3 Nc6 3. Bc4 Nf6 4. d3 h6 5. O-O Be7 6. c3 O-O 7. Nbd2 d5 8. exd5
Nxd5 9. Re1 Bg4 10. Nf1 Nf4 11. Bxf4 exf4 12. d4 Bd6 13. h3 Bh5 14. N1d2 Ne7 15.
Qb3 Rb8 16. Ne5 c6 17. Ndf3 Nf5 18. a4 Qc7 19. Bd3 Ne7 20. Bc4 Rbe8 21. Rac1 Nc8
22. Qc2 Re7 23. Bb3 Rfe8 24. Qd2 Bxf3 25. Nxf3 Nb6 26. Rxe7 Rxe7 27. Re1 Kf8 28.
Re2 a5 29. Qe1 Rxe2 30. Qxe2 Nd7 31. Qc4 Nf6 32. Qe2 Qb6 33. Bd1 Nd5 34. Ne5
Bxe5 35. Qxe5 Qxb2 36. c4 Qc1 37. Qb8+ Ke7 38. Qxb7+ Kd8 39. Qb8+ Kd7 40. Qb7+
Nc7 41. Qb3 f5 42. Kh2 Qd2 43. Qf3 Qxd4 44. Bc2 g6 0-1

[Event "chess.com SpeedChess Q2Sw"]
[Site "chess.com INT"]
[Date "2022.11.12"]
[Round "4"]
[White "Muradli, Mahammad"]
[Black "Czerw, Dawid"]
[Result "1/2-1/2"]
[WhiteTitle "GM"]
[BlackTitle "FM"]
[WhiteElo "2540"]
[BlackElo "2373"]
[WhiteFideId "13409301"]
[BlackFideId "1145746"]
[EventDate "2022.11.12"]

1. g3 c5 2. Bg2 Nf6 3. c4 e6 4. Nf3 Qb6 5. Nc3 Nc6 6. b3 Be7 7. Bb2 d5 8. cxd5
exd5 9. e3 O-O 10. O-O Rd8 11. Ne2 a5 12. d4 c4 13. Rb1 cxb3 14. axb3 Bf5 15.
Nd2 Bxb1 16. Qxb1 Nb4 17. Nc3 Rac8 18. Rc1 g6 19. h4 h5 20. Nf3 Ng4 21. Bf1 Qe6
22. Ne2 Rxc1 23. Qxc1 Rc8 24. Qa1 Qf5 25. Nf4 Qc2 26. Be2 Bd6 27. Ne1 Qc7 28.
Neg2 Kg7 29. Qb1 b6 30. Qa1 Qc6 31. Qb1 Qc2 32. Qa1 Qxb3 33. e4 Rc2 34. Ba3 Bxf4
35. Nxf4 Ra2 36. Qc1 Qxa3 37. Nxh5+ gxh5 38. Qg5+ Kf8 39. Qd8+ Kg7 40. Qg5+ Kh7
41. Bxg4 Ra1+ 42. Kg2 hxg4 43. Qh5+ Kg7 44. Qxg4+ Kf8 45. Qc8+ Ke7 46. Qc7+ Ke8
47. Qc8+ Ke7 48. Qc7+ Kf8 49. Qc8+ Ke7 1/2-1/2

[Event "chess.com SpeedChess Q2Sw"]
[Site "chess.com INT"]
[Date "2022.11.12"]
[Round "4"]
[White "Kravtsiv, Martyn"]
[Black "Tabatabaei, M. Amin"]
[Result "0-1"]
[WhiteTitle "GM"]
[BlackTitle "GM"]
[WhiteElo "2598"]
[BlackElo "2655"]
[WhiteFideId "14113147"]
[BlackFideId "12521213"]
[EventDate "2022.11.12"]

1. e4 c6 2. Nf3 d5 3. d3 dxe4 4. dxe4 Qxd1+ 5. Kxd1 Nf6 6. Nbd2 g6 7. Bd3 Bh6 8.
Ke2 Bg4 9. h3 Bxf3+ 10. Nxf3 Bxc1 11. Raxc1 Nbd7 12. e5 Nd5 13. g3 Nc5 14. c3
O-O-O 15. Rhd1 Rd7 16. Bc2 a5 17. Rd2 Rhd8 18. Rcd1 f6 19. h4 Ne6 20. h5 f5 21.
Nh4 Nf8 22. c4 Nb4 23. Rxd7 Rxd7 24. Bb1 Rxd1 25. Kxd1 e6 26. h6 c5 27. f4 Nc6
28. Nf3 Ne7 29. Ng5 Ng8 30. Nf7 Kd7 31. Bc2 b6 32. Ba4+ Ke7 33. Nd6 Nxh6 34.
Nc8+ Kd8 35. Nd6 Nd7 36. Ke2 Nb8 37. Ne8 Ng8 38. Nf6 Nxf6 39. exf6 Nd7 40. f7
Nf8 41. Be8 Ke7 42. Kf3 h6 43. g4 Nh7 44. Kg3 fxg4 45. Kxg4 Nf6+ 46. Kf3 Nxe8 0-1

[Event "chess.com SpeedChess Q2Sw"]
[Site "chess.com INT"]
[Date "2022.11.12"]
[Round "4"]
[White "Steinberg, Nitzan"]
[Black "Nenezic, Marko"]
[Result "1-0"]
[WhiteTitle "GM"]
[BlackTitle "IM"]
[WhiteElo "2537"]
[BlackElo "2510"]
[WhiteFideId "2801795"]
[BlackFideId "912123"]
[EventDate "2022.11.12"]

1. Nf3 Nf6 2. d4 g6 3. Nbd2 Bg7 4. e4 d6 5. c3 O-O 6. Bd3 Qe8 7. O-O e5 8. h3
Nc6 9. Re1 Nh5 10. Bf1 exd4 11. cxd4 Nxd4 12. Nxd4 Bxd4 13. Nf3 Bg7 14. Qc2 Qc6
15. Qd1 Re8 16. Bd3 Be6 17. a4 Bc4 18. Bc2 a5 19. Ra3 b5 20. axb5 Qxb5 21. Ba4
Qb8 22. Bxe8 Qxe8 23. Qc2 Qb5 24. Nd2 Be6 25. Nb1 c6 26. Nc3 Qb7 27. Rd1 Be5 28.
Be3 Rb8 29. Rd2 Bb3 30. Qc1 Qb4 31. Qa1 a4 32. Nxa4 Qxe4 33. Nc3 Qc4 34. Ra8
Rxa8 35. Qxa8+ Kg7 36. Qd8 Nf4 37. Qb6 Ne6 38. Qb7 d5 39. Ne2 c5 40. f4 d4 41.
fxe5 dxe3 42. Rd7 Qxe2 43. Rxf7+ Kg8 44. Rf6 Qd1+ 45. Kh2 Qd8 46. Qxb3 1-0

[Event "chess.com SpeedChess Q2Sw"]
[Site "chess.com INT"]
[Date "2022.11.12"]
[Round "4"]
[White "Shipov, Sergei"]
[Black "Martinez Alcantara, Jose Eduardo"]
[Result "0-1"]
[WhiteTitle "GM"]
[BlackTitle "GM"]
[WhiteElo "2541"]
[BlackElo "2597"]
[WhiteFideId "4113624"]
[BlackFideId "3805662"]
[EventDate "2022.11.12"]

1. d4 Nf6 2. c4 e6 3. Nc3 Bb4 4. Qc2 d6 5. a3 Bxc3+ 6. Qxc3 Nbd7 7. f3 c5 8. e4
Qc7 9. Be3 O-O 10. Ne2 a6 11. Ng3 Rb8 12. a4 cxd4 13. Bxd4 a5 14. Be2 e5 15. Be3
Nc5 16. O-O Be6 17. Rfd1 b6 18. b3 h6 19. Rd2 Rbd8 20. Bd1 Nfd7 21. Bc2 Nb8 22.
Rad1 Nc6 23. f4 f6 24. Nf5 Bxf5 25. exf5 Rfe8 26. h3 Kh8 27. Kh1 Nb4 28. Bb1 Nc6
29. Rd5 e4 30. g4 Nb4 31. R5d4 Qe7 32. Kg2 Ncd3 33. Kg3 d5 34. cxd5 Nxd5 35. Qd2
Nxe3 36. Rxd8 Nxf5+ 37. gxf5 Rxd8 38. Qe3 Nc5 39. Rxd8+ Qxd8 40. Bc2 Qd5 41. Kg4
Kh7 42. h4 h5+ 43. Kg3 Qxf5 44. Qe2 Kh6 45. Qd1 Qe6 46. Qe2 f5 47. Qd1 Qg6+ 48.
Kf2 Qg4 49. Qd6+ Kh7 50. Qe5 Qxh4+ 51. Ke3 Qg3+ 52. Kd4 Qg6 53. Kc4 h4 54. Bd1
h3 0-1

[Event "chess.com SpeedChess Q2Sw"]
[Site "chess.com INT"]
[Date "2022.11.12"]
[Round "4"]
[White "Aghasiyev, Kamal"]
[Black "Zemlyanskii, Ivan"]
[Result "0-1"]
[WhiteTitle "IM"]
[BlackTitle "FM"]
[WhiteElo "2441"]
[BlackElo "2237"]
[WhiteFideId "13402854"]
[BlackFideId "24249971"]
[EventDate "2022.11.12"]

1. Nf3 d5 2. c4 e6 3. e3 Nf6 4. b3 c5 5. Bb2 Nc6 6. cxd5 exd5 7. Bb5 Bd6 8. O-O
O-O 9. d4 cxd4 10. Nxd4 Bd7 11. Be2 Qe7 12. Nd2 Ne4 13. Nxc6 Bxc6 14. Nf3 Rfe8
15. Qd4 f6 16. Qd1 Rad8 17. Rc1 f5 18. Nd4 f4 19. Nf5 Qg5 20. Nxd6 Rxd6 21. exf4
Qxf4 22. g3 Qg5 23. Bf3 Nd2 24. Rxc6 Nxf3+ 25. Qxf3 bxc6 26. Bd4 Qe7 27. Bc5 Rf6
28. Qc3 Qd7 29. Bd4 Rfe6 30. Rc1 Re4 31. b4 R8e6 32. Qd3 Re1+ 33. Rxe1 Rxe1+ 34.
Kg2 Qe7 35. a3 a6 36. Qc3 Qe4+ 37. Kh3 Qe6+ 38. Kg2 Qe4+ 39. Kh3 Rg1 40. f3 Qe6+
41. Kh4 Rh1 42. g4 Rxh2+ 43. Kg3 Re2 44. Bxg7 Qd6+ 45. f4 Re4 46. Be5 Qe6 47.
Qc5 d4 48. Qb6 Re3+ 49. Kf2 Qa2+ 50. Kf1 Qe2+ 51. Kg1 Rg3+ 52. Kh1 Qg2# 0-1

[Event "chess.com SpeedChess Q2Sw"]
[Site "chess.com INT"]
[Date "2022.11.12"]
[Round "4"]
[White "Harsha, Bharathakoti"]
[Black "Yang, Kevin"]
[Result "1-0"]
[WhiteTitle "GM"]
[WhiteElo "2582"]
[BlackElo "2082"]
[WhiteFideId "5078776"]
[BlackFideId "30908485"]
[EventDate "2022.11.12"]

1. e4 c6 2. Nf3 d5 3. Nc3 Bg4 4. h3 Bxf3 5. Qxf3 e6 6. Be2 Nd7 7. O-O Ngf6 8. d4
dxe4 9. Nxe4 Nxe4 10. Qxe4 Bd6 11. Bd3 Nf6 12. Qf3 Qc7 13. Re1 O-O 14. Bg5 Be7
15. c3 Rfd8 16. Rad1 Qa5 17. Bxf6 Bxf6 18. a3 Qb6 19. Re2 c5 20. dxc5 Qxc5 21.
Qxb7 Rab8 22. Qe4 g6 23. g3 Rd5 24. h4 Rbd8 25. Ree1 Kg7 26. Qe2 Qd6 27. Bc2 Rd2
28. Rxd2 Qxd2 29. Kf1 Qd5 30. Be4 Qc5 31. Kg2 Qb6 32. Rc1 h5 33. b4 Qc7 34. c4
a5 35. c5 axb4 36. axb4 Rd4 37. b5 Qe5 38. Bf3 Qb8 39. b6 Rb4 40. Rc2 Rb3 41.
Qc4 Rb1 42. Qa6 Ra1 43. Qb5 Qe5 44. Qe2 Qb8 45. Qe3 Ra5 46. c6 Ra1 47. c7 Qc8
48. b7 Qd7 49. c8=Q Qa4 50. b8=Q 1-0

[Event "chess.com SpeedChess Q2Sw"]
[Site "chess.com INT"]
[Date "2022.11.12"]
[Round "4"]
[White "Demidov, Mikhail"]
[Black "Fedoseev, Vladimir3"]
[Result "1/2-1/2"]
[WhiteTitle "GM"]
[BlackTitle "GM"]
[WhiteElo "2568"]
[BlackElo "2688"]
[WhiteFideId "4197143"]
[BlackFideId "24130737"]
[EventDate "2022.11.12"]

1. d4 Nf6 2. Nf3 g6 3. g3 Bg7 4. Bg2 O-O 5. O-O d5 6. c3 Nbd7 7. Nbd2 c5 8. dxc5
Nxc5 9. Nb3 Nce4 10. Ng5 Nd6 11. Nf3 b6 12. Bf4 Bb7 13. Nbd2 Rc8 14. Be5 e6 15.
Qa4 a5 16. Rad1 b5 17. Qc2 b4 18. Qb1 Ba6 19. Rfe1 bxc3 20. Bxc3 Rxc3 21. bxc3
Nfe4 22. Nxe4 Nxe4 23. Qc2 Nxc3 24. Rc1 Qb6 25. Bf1 Rc8 26. Qb3 Qxb3 27. axb3
Bxe2 28. Rxc3 Rxc3 29. Bxe2 Rxb3 30. Rc1 Rc3 31. Rxc3 Bxc3 32. Bb5 h6 33. Kf1
Kf8 34. Ke2 Ke7 35. Kd3 Bg7 36. Bc6 f5 37. h4 Bf6 38. Ng1 Kd6 39. Be8 g5 40.
hxg5 hxg5 41. f4 gxf4 42. gxf4 Bb2 43. Ne2 e5 44. fxe5+ Kxe5 45. Ng1 f4 46. Nf3+
Kd6 47. Nd4 Bxd4 48. Kxd4 Ke6 49. Bb5 Kf5 50. Kxd5 f3 51. Kc4 f2 52. Kb3 Ke4 53.
Ka4 Ke3 54. Kxa5 f1=Q 55. Bxf1 1/2-1/2

[Event "chess.com SpeedChess Q2Sw"]
[Site "chess.com INT"]
[Date "2022.11.12"]
[Round "4"]
[White "Mouhamad, Joachim"]
[Black "Sanchez, Robert"]
[Result "0-1"]
[WhiteTitle "FM"]
[WhiteElo "2266"]
[BlackElo "1971"]
[WhiteFideId "656410"]
[BlackFideId "2034360"]
[EventDate "2022.11.12"]

1. e4 e6 2. d4 d5 3. Nc3 Nf6 4. e5 Nfd7 5. f4 c5 6. Nf3 Nc6 7. Be3 Be7 8. Qd2
O-O 9. dxc5 Nxc5 10. O-O-O a6 11. Qf2 b6 12. Kb1 Rb8 13. h4 f6 14. Qg3 f5 15. h5
b5 16. h6 g6 17. Qf2 b4 18. Nxd5 Ne4 19. Nxe7+ Qxe7 20. Qe1 Nc3+ 21. Ka1 Nxd1
22. Qxd1 Rd8 23. Qc1 Bb7 24. Ng5 Na5 25. Bb6 Rd5 26. Be2 Rc8 27. Bf3 Nc4 28.
Bxd5 Bxd5 29. Bd4 a5 30. Rg1 a4 31. g4 Na5 32. gxf5 exf5 33. Qd1 Qb7 34. e6 Qc6
35. c3 Qc4 36. b3 axb3 37. axb3 Nxb3+ 38. Kb2 Nxd4 39. Qxd4 Qa2+ 40. Kc1 Rxc3+
41. Kd1 Qc2+ 42. Ke1 Qc1+ 43. Kf2 Qc2+ 44. Ke1 Qb1+ 45. Kf2 Qb2+ 46. Ke1 Rc1+
47. Qd1 Rxd1+ 48. Kxd1 Qb1+ 49. Kd2 Qxg1 50. e7 Qd4+ 51. Kc1 Bc6 52. Ne6 Qe4 53.
Ng5 Qxf4+ 54. Kb2 Qxg5 0-1

[Event "chess.com SpeedChess Q2Sw"]
[Site "chess.com INT"]
[Date "2022.11.12"]
[Round "4"]
[White "Yanchenko, Roman"]
[Black "Eynullayev, Atilla"]
[Result "1/2-1/2"]
[WhiteTitle "FM"]
[BlackTitle "FM"]
[WhiteElo "2467"]
[BlackElo "2281"]
[WhiteFideId "4137329"]
[BlackFideId "13413570"]
[EventDate "2022.11.12"]

1. d4 Nf6 2. Nf3 d5 3. c4 e6 4. Nc3 Nbd7 5. Bg5 c6 6. e3 Qa5 7. Bh4 Bb4 8. Qb3
Ne4 9. Rc1 Nxc3 10. bxc3 Ba3 11. Rb1 Bd6 12. c5 Bc7 13. Bg3 Bxg3 14. hxg3 b6 15.
cxb6 axb6 16. Rb2 Ba6 17. Bxa6 Qxa6 18. Nd2 O-O 19. c4 Ra7 20. O-O Rfa8 21. cxd5
cxd5 22. Rc1 Qa3 23. Rbc2 Qxb3 24. axb3 Kf8 25. Nf3 f6 26. g4 Ke7 27. g5 Ra1 28.
gxf6+ gxf6 29. g3 Rxc1+ 30. Rxc1 Ra3 31. Rb1 Kd6 32. Kg2 Nb8 33. Ne1 Nc6 34. Nd3
Na5 35. Nc1 Kc6 36. g4 Kb5 37. Kf3 Kb4 38. Kf4 Kc3 39. Ne2+ Kc2 40. Rh1 Nxb3 41.
Rxh7 Nd2 42. Ng3 b5 43. Rb7 Rb3 44. Rb6 Nc4 45. Rxe6 b4 46. Rxf6 Ra3 47. Rf8 Ra6
48. Rb8 b3 49. g5 b2 50. Rxb2+ Nxb2 51. Kf5 Kd3 52. g6 Nd1 53. g7 Ra8 54. Ke6
Nxf2 55. Nf5 Ng4 56. Kxd5 Nxe3+ 57. Nxe3 Kxe3 58. Ke6 Kxd4 59. Kf7 Ra7+ 60. Kg6
Ra8 61. Kh7 Ra7 62. Kh8 Ra8+ 63. g8=Q Rxg8+ 64. Kxg8 1/2-1/2

[Event "chess.com SpeedChess Q2Sw"]
[Site "chess.com INT"]
[Date "2022.11.12"]
[Round "4"]
[White "Yoo, Christopher Woojin"]
[Black "Stoyanov, Tsvetan"]
[Result "1-0"]
[WhiteTitle "GM"]
[BlackTitle "IM"]
[WhiteElo "2573"]
[BlackElo "2456"]
[WhiteFideId "30909694"]
[BlackFideId "2917173"]
[EventDate "2022.11.12"]

1. e4 c5 2. Ne2 a6 3. g3 b5 4. Bg2 Bb7 5. O-O Nf6 6. d3 e6 7. a4 d6 8. e5 Bxg2
9. Kxg2 dxe5 10. axb5 axb5 11. Rxa8 Qd5+ 12. f3 Qxa8 13. Nbc3 b4 14. Ne4 Nbd7
15. c4 bxc3 16. bxc3 Be7 17. c4 O-O 18. N2c3 Ne8 19. Qe2 f5 20. Nf2 Nd6 21. Bb2
Bf6 22. Ra1 Qb7 23. Bc1 e4 24. Ra3 Bxc3 25. Rxc3 exf3+ 26. Qxf3 Qb4 27. Rc2 Ne5
28. Qe2 Qb7+ 29. Kf1 Ndf7 30. Bb2 Nf3 31. Nh3 e5 32. Ng1 e4 33. Nxf3 exf3 34.
Qe3 Qc6 35. Kf2 Nh6 36. h3 f4 37. gxf4 Nf5 38. Qxf3 Qa4 39. Re2 Kh8 40. Qd5 h6
41. Qxc5 Rf7 42. Qd5 Qa7+ 43. c5 Nh4 44. Be5 Ng6 45. Kg3 Kh7 46. h4 Re7 47. h5
Nf8 48. c6 Re6 49. c7 Qa6 50. Qe4+ Kg8 51. Rc2 Re8 52. Qc4+ Qxc4 53. Rxc4 Rc8
54. Rb4 Ne6 55. Rb8 1-0